<?xml version="1.0" encoding="UTF-8"?>
<collection xmlns="http://www.loc.gov/MARC21/slim">
  <record>
    <leader>00000nam  2200000   4500</leader>
    <controlfield tag="001">INLIS000000000019321</controlfield>
    <controlfield tag="005">20250217110845</controlfield>
    <datafield tag="035" ind1="#" ind2="#">
      <subfield code="a">0010-0225000278</subfield>
    </datafield>
    <controlfield tag="007">ta</controlfield>
    <controlfield tag="008">250217################g##########0#ind##</controlfield>
    <datafield tag="082" ind1="#" ind2="#">
      <subfield code="a">R 352.350 202</subfield>
    </datafield>
    <datafield tag="084" ind1="#" ind2="#">
      <subfield code="a">R 352.350 202 KEM p</subfield>
    </datafield>
    <datafield tag="100" ind1=" " ind2="#">
      <subfield code="a">Kementerian Negara Pendayagunaan Aparatur Negara</subfield>
    </datafield>
    <datafield tag="245" ind1="1" ind2="#">
      <subfield code="a">Penerapan Sistem Akuntabilitas Kinerja Instansi Pemerintah (SAKIP) Terintegrasi /</subfield>
      <subfield code="c">Kementerian Negara Pendayagunaan Aparatur Negara</subfield>
    </datafield>
    <datafield tag="260" ind1="#" ind2="#">
      <subfield code="a">Jakarta :</subfield>
      <subfield code="b">Kementerian Negara Pendayagunaan Aparatur Negara</subfield>
    </datafield>
    <datafield tag="300" ind1="#" ind2="#">
      <subfield code="a">66 halaman :</subfield>
      <subfield code="b">ilus ;</subfield>
      <subfield code="c">23 cm</subfield>
    </datafield>
    <datafield tag="500" ind1="#" ind2="#">
      <subfield code="a">Penerapan Sistem Akuntabilitas Kinerja Instansi Pemerintah (SAKIP) sudah dilakukan selama sepuluh tahun, namun dirasakan masih banyak berbagai pihak belum memahami secara baik. SAKIP yang merupakan bagian dari sistem administrasi untuk menunjang dan mendukung manajemen pemerintahan dan pembangunan telah mengalami berbagai perubahan yang disebabkan implementasi berbagai peraturan perundangan-undangan.</subfield>
    </datafield>
    <datafield tag="650" ind1="#" ind2="4">
      <subfield code="a">Akuntabilitas Pemerintah</subfield>
    </datafield>
    <datafield tag="650" ind1="#" ind2="4">
      <subfield code="a">Administrasi Negara</subfield>
    </datafield>
    <datafield tag="990" ind1="#" ind2="#">
      <subfield code="a">140316353</subfield>
    </datafield>
  </record>
</collection>
